| 000 | 00807nam a22001817a 4500 | ||
|---|---|---|---|
| 003 | UA-OsUOA | ||
| 001 | 18332 | ||
| 007 | ta | ||
| 008 | 20040503b un ||||| |||| 00| 0 ukr d | ||
| 100 | _aВальчук П. | ||
| 942 | _cSA | ||
| 040 |
_aUA-OsUOA _cUA-OsUOA _dUA-OsUOA |
||
| 245 | _a"Я не герой , а звичайна людина", говорить про себе головний лікар центральної міської лікарні Євген Кучерук . Хоча , щоб керувати сьогодні медичним закладом . потрібно докладати героїчні зусилля | ||
| 300 | _aС.3 | ||
| 955 | _a0 | ||
| 773 | 0 |
_w0 _tСім днів _dРівне _d2004 _g№17/23 квіт./ |
|
| 650 | 7 |
_aКраєзнавча робота _2UDC |
|
| 999 |
_c304503 _d304503 |
||